<?xml version="1.0" encoding="UTF-8"?><?xml-stylesheet type="text/xsl" href="static/style.xsl"?><OAI-PMH xmlns="http://www.openarchives.org/OAI/2.0/" xmlns:xsi="http://www.w3.org/2001/XMLSchema-instance" xsi:schemaLocation="http://www.openarchives.org/OAI/2.0/ http://www.openarchives.org/OAI/2.0/OAI-PMH.xsd"><responseDate>2026-04-14T04:45:29Z</responseDate><request verb="GetRecord" identifier="oai:www.recercat.cat:2072/349592" metadataPrefix="marc">https://recercat.cat/oai/request</request><GetRecord><record><header><identifier>oai:recercat.cat:2072/349592</identifier><datestamp>2024-12-13T10:10:38Z</datestamp><setSpec>com_2072_63420</setSpec><setSpec>com_2072_63419</setSpec><setSpec>com_2072_63412</setSpec><setSpec>com_2072_2015</setSpec><setSpec>col_2072_63421</setSpec></header><metadata><record xmlns="http://www.loc.gov/MARC21/slim" xmlns:dcterms="http://purl.org/dc/terms/" xmlns:xsi="http://www.w3.org/2001/XMLSchema-instance" xmlns:doc="http://www.lyncode.com/xoai" xsi:schemaLocation="http://www.loc.gov/MARC21/slim http://www.loc.gov/standards/marcxml/schema/MARC21slim.xsd">
   <leader>00925njm 22002777a 4500</leader>
   <datafield ind2=" " ind1=" " tag="042">
      <subfield code="a">dc</subfield>
   </datafield>
   <datafield ind2=" " ind1=" " tag="720">
      <subfield code="a">Montero Gil, Raül</subfield>
      <subfield code="e">author</subfield>
   </datafield>
   <datafield ind2=" " ind1=" " tag="520">
      <subfield code="a">Esta investigación se centra en analizar el poder comunicativo de las acciones no-violentas. Concretamente las que se vinculan con el proceso de autodeterminación en Cataluña, en el año 2017. Para ello se analiza la naturaleza de las acciones y su contexto histórico y se profundiza sobre las acciones más relevantes. La investigación se compone de una primera fase inductiva, que pretende comprender las acciones no-violentas y el momento actual mediante axiomas. También de una segunda fase inductiva, centrada en la semiótica de la imagen. Estas dos fases inductivas se culminan con una tercera fase, deductiva y cuantitativa, que pretende aportar valor a la investigación.</subfield>
   </datafield>
   <datafield ind2=" " ind1=" " tag="520">
      <subfield code="a">Aquesta investigació està centrada en analitzar el poder comunicatiu de les accions no-violentes. Més concretament, les que es vinculen amb el procés d'autodeterminació a Catalunya, al 2017. Amb aquesta finalitat s'analitza la naturalesa de les pròpies accions i el seu context, també aprofundint sobre les accions més importants. Aquesta investigació es composa d'una primera fase inductiva, que té com objectiu comprendre les accions no violentes i el moment actual gràcies a axiomes concrets. També té una segona fase inductiva, centrada a la semiòtica de la imatge. Aquestes dues fases inductives es lliguen amb una tercera fase, deductiva y cuantitativa, amb la pretensió de donar valor a la investigació.</subfield>
   </datafield>
   <datafield ind2=" " ind1=" " tag="520">
      <subfield code="a">This research focuses on analyzing the communicative power of nonviolent actions. Specifically, those that are linked to the process of self-determination in Catalonia (2017). For this purpose, the nature of the actions and their historical context are analyzed, also the most relevant actions. This research is composed of a first inductive phase; which aims to understand nonviolent actions and the current moment through axioms. Also a second inductive phase focused on the semiotics. These two inductive phases culminate with a third phase, deductive and quantitative; which aims to add value to research.</subfield>
   </datafield>
   <datafield ind1="8" ind2=" " tag="024">
      <subfield code="a">http://hdl.handle.net/10609/91290</subfield>
   </datafield>
   <datafield tag="653" ind2=" " ind1=" ">
      <subfield code="a">acción no violenta</subfield>
   </datafield>
   <datafield tag="653" ind2=" " ind1=" ">
      <subfield code="a">proceso independentista catalán</subfield>
   </datafield>
   <datafield tag="653" ind2=" " ind1=" ">
      <subfield code="a">1-O</subfield>
   </datafield>
   <datafield tag="653" ind2=" " ind1=" ">
      <subfield code="a">comunicación</subfield>
   </datafield>
   <datafield tag="653" ind2=" " ind1=" ">
      <subfield code="a">acció no violenta</subfield>
   </datafield>
   <datafield tag="653" ind2=" " ind1=" ">
      <subfield code="a">procés independentista català</subfield>
   </datafield>
   <datafield tag="653" ind2=" " ind1=" ">
      <subfield code="a">1-O</subfield>
   </datafield>
   <datafield tag="653" ind2=" " ind1=" ">
      <subfield code="a">comunicació</subfield>
   </datafield>
   <datafield tag="653" ind2=" " ind1=" ">
      <subfield code="a">nonviolent action</subfield>
   </datafield>
   <datafield tag="653" ind2=" " ind1=" ">
      <subfield code="a">Catalan pro-independence process</subfield>
   </datafield>
   <datafield tag="653" ind2=" " ind1=" ">
      <subfield code="a">1-O</subfield>
   </datafield>
   <datafield tag="653" ind2=" " ind1=" ">
      <subfield code="a">communication</subfield>
   </datafield>
   <datafield tag="653" ind2=" " ind1=" ">
      <subfield code="a">Communication -- TFG</subfield>
   </datafield>
   <datafield tag="653" ind2=" " ind1=" ">
      <subfield code="a">Comunicació -- TFG</subfield>
   </datafield>
   <datafield tag="653" ind2=" " ind1=" ">
      <subfield code="a">Comunicación -- TFG</subfield>
   </datafield>
   <datafield ind2="0" ind1="0" tag="245">
      <subfield code="a">Análisis comunicativo de la no-violencia activa: caso del 1 de octubre de 2017 en Cataluña</subfield>
   </datafield>
</record></metadata></record></GetRecord></OAI-PMH>